[Event "World Blitz 2025"]
[Site "Doha QAT"]
[Date "2025.12.30"]
[Round "14.33"]
[White "Bai, Jinshi"]
[Black "Andreikin, Dmitry"]
[Result "1-0"]
[WhiteTitle "GM"]
[BlackTitle "GM"]
[WhiteElo "2599"]
[BlackElo "2710"]
[WhiteFideId "8602280"]
[BlackFideId "4158814"]
[EventDate "2025.12.29"]

1. d4 Nf6 2. Nf3 d6 3. g3 Nbd7 4. Bg2 e5 5. c4 Be7 6. O-O O-O 7. Nc3 c6 8. Qc2
Re8 9. Rd1 Qc7 10. h3 Bf8 11. Be3 e4 12. Nd2 d5 13. cxd5 cxd5 14. Qb3 Nb6 15.
Rac1 Qd8 16. a4 Be6 17. a5 Nbd7 18. Nb5 Rc8 19. Rxc8 Qxc8 20. Bf4 Nh5 21. Bd6 a6
22. Bxf8 Rxf8 23. Nc3 Ndf6 24. e3 Bxh3 25. Nxd5 Bxg2 26. Ne7+ Kh8 27. Nxc8 1-0

[Event "World Blitz 2025"]
[Site "Doha QAT"]
[Date "2025.12.30"]
[Round "14.34"]
[White "Giri, Anish"]
[Black "Rakhmanov, Aleksandr"]
[Result "0-1"]
[WhiteTitle "GM"]
[BlackTitle "GM"]
[WhiteElo "2760"]
[BlackElo "2585"]
[WhiteFideId "24116068"]
[BlackFideId "4173708"]
[EventDate "2025.12.29"]

1. d4 d5 2. c4 c5 3. cxd5 Qxd5 4. Nf3 cxd4 5. Nc3 Qa5 6. Nxd4 Nf6 7. g3 e5 8.
Nb3 Qc7 9. Bg2 Bb4 10. O-O Bxc3 11. bxc3 O-O 12. Bg5 Nbd7 13. Rc1 h6 14. Bd2 Nb6
15. c4 Be6 16. Ba5 Qe7 17. c5 Nc4 18. Bc3 Rfd8 19. Qc2 Nd5 20. Be1 Nf6 21. Na5
Nxa5 22. Bxa5 Rdc8 23. Rfd1 Rab8 24. Qa4 Bd7 25. Qa3 Bc6 26. Bh3 Re8 27. Bc3 Ne4
28. Bb2 Ng5 29. Bf1 Qe6 30. f3 e4 31. Rd6 Qf5 32. Qc3 f6 33. f4 Nh3+ 34. Bxh3
Qxh3 35. Qe3 Qf5 36. Rcd1 h5 37. Kg2 Rbc8 38. h3 Re7 39. Qb3+ Kh7 40. Qe3 Kg8
41. Qb3+ Kh7 42. Qe3 Bd7 43. Rh1 Qxc5 44. Qxc5 Rxc5 45. Bd4 Rc2 46. Kf2 Bb5 47.
Re1 Rxa2 48. Rd5 Bc6 49. Rxh5+ Kg6 50. Rc5 a5 51. h4 a4 52. h5+ Kf7 53. g4 a3
54. g5 Rd2 55. Be3 Rd5 56. Rxd5 Bxd5 57. Bc5 e3+ 58. Kg3 fxg5 59. fxg5 Re5 60.
Bxa3 Rxg5+ 61. Kf4 Rxh5 62. Kxe3 Bc6 63. Bd6 g5 64. Rc1 Rh4 65. Bg3 Re4+ 66. Kf2
Ke6 67. Rc5 g4 68. Rh5 Ra4 69. Rc5 Kd7 70. Rg5 Rc4 71. Rg6 b5 72. Rd6+ Kc8 73.
Rd2 b4 74. Be5 Kb7 75. Rd4 Rxd4 76. Bxd4 Ka6 77. Be5 Kb5 78. Ke3 Kc4 79. Kd2 Kb3
80. Bd6 Bb5 81. e4 Bd7 82. Bf8 Kc4 83. Bd6 b3 84. Bg3 Kd4 85. e5 Ke4 86. Kc3 Be6
87. Bh2 Kf3 88. Kb2 g3 0-1

[Event "World Blitz 2025"]
[Site "Doha QAT"]
[Date "2025.12.30"]
[Round "14.35"]
[White "Salem, A.R. Saleh"]
[Black "Bharath, Subramaniyam H"]
[Result "1-0"]
[WhiteTitle "GM"]
[BlackTitle "GM"]
[WhiteElo "2635"]
[BlackElo "2576"]
[WhiteFideId "9301348"]
[BlackFideId "46634827"]
[EventDate "2025.12.29"]

1. d4 Nf6 2. c4 e6 3. Nc3 Bb4 4. a3 Bxc3+ 5. bxc3 c5 6. f3 Nc6 7. e4 d6 8. Be3
b6 9. Bd3 O-O 10. Ne2 Ba6 11. O-O Na5 12. Bg5 h6 13. Bh4 e5 14. f4 exf4 15. Nxf4
g5 16. Nh5 Nxh5 17. Qxh5 Kg7 18. e5 dxe5 19. Bg3 Nxc4 20. Rae1 Rc8 21. Bxc4 Bxc4
22. Rf6 Kxf6 23. Bxe5+ Ke7 24. Bc7+ Be6 25. Bxd8+ Rcxd8 26. Qxh6 cxd4 27. Qxg5+
Ke8 28. Qb5+ Ke7 29. Qb4+ Rd6 30. cxd4 Kd7 31. Qa4+ Kd8 32. Qxa7 Re8 33. Rc1 Rd7
34. Qxb6+ Ke7 35. Qc5+ Kf6 36. Qe5+ Kg6 37. Qg3+ Kf6 38. h4 Rd5 39. Qf4+ Kg7 40.
Rc5 Red8 41. Rxd5 Rxd5 42. a4 Ra5 43. Qg3+ Kh7 44. Qd3+ Kg8 45. Qc2 Ra8 46. Kh2
Bd7 47. Qc7 Bxa4 48. d5 Re8 49. d6 Re4 50. Qd8+ Kh7 51. Qf6 Kg8 52. Qg5+ Kf8 53.
Qd8+ Re8 54. Qf6 Kg8 55. Qg5+ Kf8 56. Qh5 Kg7 57. Qg4+ Kf8 58. Qxa4 1-0

[Event "World Blitz 2025"]
[Site "Doha QAT"]
[Date "2025.12.30"]
[Round "14.36"]
[White "Harikrishna, Pentala"]
[Black "Erdogmus, Yagiz Kaan"]
[Result "0-1"]
[WhiteTitle "GM"]
[BlackTitle "GM"]
[WhiteElo "2693"]
[BlackElo "2658"]
[WhiteFideId "5007003"]
[BlackFideId "44599790"]
[EventDate "2025.12.29"]

1. d4 Nf6 2. Nf3 g6 3. Nbd2 Bg7 4. e4 O-O 5. e5 Ne8 6. h4 c5 7. h5 cxd4 8. hxg6
fxg6 9. Ng5 h6 10. Bd3 Qa5 11. Nf3 Nc6 12. e6 dxe6 13. Bxg6 Nf6 14. Qe2 e5 15.
Kf1 Be6 16. Nc4 Bxc4 17. Qxc4+ Qd5 18. Bd3 e6 19. Qxd5 exd5 20. Bf5 e4 21. Be6+
Kh8 22. Nh4 Ne7 23. Bf4 Nh5 24. Bd6 Rf6 25. Bg4 Rxd6 26. Bxh5 Rf8 27. Kg1 Rc6
28. Bd1 Be5 29. g3 Rcf6 30. Rh2 Kg7 31. a4 Nc6 32. Ra3 b6 33. Bg4 Bd6 34. Ra1
Ne5 35. Be2 d3 36. cxd3 exd3 37. Bh5 Bc5 38. Rf1 Nc4 39. b3 Nd2 40. Rd1 Rxf2 41.
Rxf2 Rxf2 42. Kh1 Nf1 43. Nf3 Nxg3+ 0-1

[Event "World Blitz 2025"]
[Site "Doha QAT"]
[Date "2025.12.30"]
[Round "14.37"]
[White "Nogerbek, Kazybek"]
[Black "Alekseenko, Kirill"]
[Result "1/2-1/2"]
[WhiteTitle "GM"]
[BlackTitle "GM"]
[WhiteElo "2539"]
[BlackElo "2659"]
[WhiteFideId "13710427"]
[BlackFideId "4135539"]
[EventDate "2025.12.29"]

1. d4 Nf6 2. c4 e6 3. Nf3 h6 4. a3 d5 5. Nc3 c6 6. e3 Nbd7 7. Qc2 Bd6 8. Bd3 O-O
9. O-O b6 10. e4 dxe4 11. Nxe4 Nxe4 12. Bxe4 Bb7 13. Re1 Nf6 14. Ne5 Qc7 15. Bf3
c5 16. Bxb7 Qxb7 17. dxc5 bxc5 18. Bd2 Rfd8 19. Bc3 Bc7 20. Rad1 a5 21. h3 Rxd1
22. Rxd1 a4 23. Qe2 Ne4 24. Qf3 Bxe5 25. Bxe5 f6 26. Re1 f5 27. Rd1 Rf8 28. Qd3
Rf7 29. f3 Nf6 30. Qd6 Qb3 31. Re1 Qxc4 32. Bc3 Rd7 33. Qxe6+ Qxe6 34. Rxe6 Rd1+
35. Kf2 Nd5 36. Rc6 Nxc3 37. bxc3 Rd2+ 38. Kg3 Ra2 39. Rxc5 Rxa3 40. h4 Kf7 41.
Rxf5+ Kg6 42. Ra5 Rxc3 43. Rxa4 Rc2 44. Ra5 Rc4 45. Re5 Kf6 46. Re4 Rc2 47. Kh3
Ra2 48. Rf4+ Kg6 49. g3 Ra3 50. Rf8 Rb3 51. Kg4 Rb4+ 52. Kh3 Rb3 53. g4 Ra3 54.
Kg3 Rb3 55. Re8 Ra3 56. Kf2 Ra2+ 57. Re2 Ra3 58. Re3 Ra2+ 59. Kg3 Ra4 60. f4 Kf7
61. Kf3 Ra1 62. g5 hxg5 63. hxg5 g6 64. Rd3 Rb1 65. Ke4 Re1+ 66. Kd5 Rf1 67. Rd4
Rf2 68. Kd6 Rf1 69. Ke5 Re1+ 70. Kd6 Rf1 71. Kd7 Rf2 72. Kd8 Rf1 73. Rd7+ Kf8
74. Rd4 Kf7 75. Kd7 Rf2 76. Kd6 Rf1 77. Kd5 Rf2 78. Ra4 Rd2+ 79. Ke4 Re2+ 80.
Kf3 Re1 81. Ra7+ Kf8 82. f5 Rf1+ 83. Kg4 Rxf5 1/2-1/2

[Event "World Blitz 2025"]
[Site "Doha QAT"]
[Date "2025.12.30"]
[Round "14.38"]
[White "Quparadze, Giga"]
[Black "Hong, Andrew"]
[Result "1-0"]
[WhiteTitle "GM"]
[BlackTitle "GM"]
[WhiteElo "2502"]
[BlackElo "2568"]
[WhiteFideId "13602250"]
[BlackFideId "2099438"]
[EventDate "2025.12.29"]

1. e4 e5 2. Nf3 Nc6 3. Bb5 a6 4. Ba4 Nf6 5. O-O d6 6. Re1 Bd7 7. c3 g6 8. d4 Bg7
9. h3 O-O 10. Bc2 Re8 11. Nbd2 a5 12. Nf1 a4 13. Bg5 h6 14. Bh4 a3 15. b3 exd4
16. Nxd4 Qe7 17. f4 Qf8 18. Qd2 Nxd4 19. cxd4 Bc6 20. d5 Bb5 21. Rad1 Nd7 22.
Bf2 Qe7 23. Ng3 Qf6 24. e5 dxe5 25. f5 e4 26. fxg6 fxg6 27. Nxe4 Qb2 28. d6 c6
29. Bb1 Qxd2 30. Rxd2 Re6 31. Red1 Rae8 32. Nc5 Nxc5 33. Bxc5 Re1+ 34. Kf2 Rxd1
35. Rxd1 Re2+ 36. Kg1 Bf6 37. Bxa3 Bd8 38. Bc5 Kf7 39. a4 Ba6 40. b4 g5 41. a5
Ke6 42. Bg6 Bc4 43. Bh5 Re5 44. Bg4+ Kf7 45. Bc8 Ba6 46. Bb6 Bxb6+ 47. axb6 Re8
48. d7 Rd8 49. Rd6 Ke7 50. Rxh6 Bb5 51. Rg6 c5 52. bxc5 Bxd7 53. Bxd7 Kxd7 54.
Rd6+ Ke7 55. Rxd8 Kxd8 56. g3 Kd7 57. h4 gxh4 58. gxh4 Kc6 59. h5 Kxc5 60. h6
Kd5 1-0

[Event "World Blitz 2025"]
[Site "Doha QAT"]
[Date "2025.12.30"]
[Round "14.39"]
[White "Uskov, Artem"]
[Black "Zverev, Lev"]
[Result "1/2-1/2"]
[WhiteTitle "GM"]
[BlackTitle "IM"]
[WhiteElo "2516"]
[BlackElo "2453"]
[WhiteFideId "34254854"]
[BlackFideId "24250775"]
[EventDate "2025.12.29"]

1. Nf3 d5 2. g3 Bg4 3. Bg2 c6 4. O-O Nd7 5. d3 Ngf6 6. h3 Bh5 7. Qe1 e5 8. e4
dxe4 9. dxe4 Bc5 10. a4 a5 11. Nbd2 O-O 12. Nc4 Qc7 13. Bd2 b6 14. Kh2 Bxf3 15.
Bxf3 Rad8 16. Kg2 Rfe8 17. h4 Nf8 18. h5 h6 19. c3 Ne6 20. Ne3 Qd7 21. Rd1 Ng5
22. Rh1 Nxf3 23. Kxf3 Bxe3 24. Bxe3 Qg4+ 25. Kg2 Qxe4+ 26. Kg1 Qxa4 27. Rc1 Nd5
28. Rh4 Qb3 29. Rg4 Nxe3 30. Qxe3 Rd1+ 31. Kh2 Kh8 32. Rxd1 Qxd1 33. Rh4 c5 34.
g4 f6 35. Qe4 Rd8 36. Rh3 Qd2 37. Rf3 Qxb2 38. g5 fxg5 39. Qxe5 Qd2 40. Rf6 Kh7
41. Qf5+ Kh8 42. Qe5 Qd5 43. Rxh6+ Kg8 44. Qxd5+ Rxd5 45. Rxb6 Rd3 46. Rb5 Rxc3
47. Rxa5 Kh7 48. Ra6 g4 49. Rg6 Rc4 50. Kg3 Rd4 51. Rc6 c4 52. Kh4 Rf4 53. Kg3
Rd4 54. Kh4 Re4 55. Kg5 Rd4 56. Rc7 Re4 57. h6 Re5+ 58. Kf4 Re6 59. hxg7 Rf6+
60. Kg3 Rf3+ 61. Kg2 Rf4 1/2-1/2

[Event "World Blitz 2025"]
[Site "Doha QAT"]
[Date "2025.12.30"]
[Round "14.40"]
[White "Tabatabaei, M. Amin"]
[Black "Dau Khuong Duy"]
[Result "1-0"]
[WhiteTitle "GM"]
[BlackTitle "IM"]
[WhiteElo "2700"]
[BlackElo "2489"]
[WhiteFideId "12521213"]
[BlackFideId "12424722"]
[EventDate "2025.12.29"]

1. d4 f5 2. Nf3 Nf6 3. c4 e6 4. g3 c6 5. Bg2 d5 6. O-O Bd6 7. b3 Qe7 8. Nc3 O-O
9. Qc2 a5 10. Ne5 Nbd7 11. Nd3 Ne4 12. Bf4 Bxf4 13. Nxf4 Ndf6 14. e3 Bd7 15. a3
Be8 16. Nd3 g5 17. f3 Nxc3 18. Qxc3 Bg6 19. Ne5 Nd7 20. f4 Nxe5 21. dxe5 gxf4
22. exf4 Qc5+ 23. Kh1 d4 24. Qd3 Rfd8 25. Bf3 Qe7 26. Kg2 c5 27. Rfb1 Be8 28.
Kf2 Qc7 29. g4 Bg6 30. Rg1 Kh8 31. g5 Be8 32. h4 Bc6 33. g6 Rg8 34. h5 Qe7 35.
Rh1 Raf8 36. Rag1 h6 37. Rb1 Kg7 38. Kg3 Ra8 39. Rb2 Rgd8 40. Rhb1 Bxf3 41. Qxf3
Rd7 42. Rd2 Rad8 43. Rd3 Qf8 44. Kh3 Qe7 45. Qg3 Rc7 46. Qh4 Qxh4+ 47. Kxh4 Ra8
48. Kg3 Ra6 49. b4 axb4 50. axb4 Ra4 51. Rdb3 b5 52. bxc5 bxc4 53. Rb7 Ra7 54.
c6 c3 55. Rxa7 Rxa7 56. Rb7+ Rxb7 57. cxb7 c2 58. b8=Q c1=Q 59. Qa7+ 1-0

[Event "World Blitz 2025"]
[Site "Doha QAT"]
[Date "2025.12.30"]
[Round "14.41"]
[White "Mendonca, Leon Luke"]
[Black "Theodorou, Nikolas"]
[Result "1/2-1/2"]
[WhiteTitle "GM"]
[BlackTitle "GM"]
[WhiteElo "2615"]
[BlackElo "2652"]
[WhiteFideId "35028561"]
[BlackFideId "4262875"]
[EventDate "2025.12.29"]

1. Nf3 Nf6 2. e3 g6 3. b4 Bg7 4. Bb2 O-O 5. c4 d6 6. Be2 e5 7. O-O Re8 8. d4
exd4 9. Nxd4 Nc6 10. Nxc6 bxc6 11. Nc3 Rb8 12. b5 Ne4 13. Qc1 Nc5 14. Rd1 a6 15.
Ba3 Qf6 16. Bb4 Ne4 17. Nxe4 Qxa1 18. Qxa1 Bxa1 19. Nxd6 cxd6 20. Rxa1 axb5 21.
Bxd6 Rb7 22. cxb5 cxb5 23. a3 Be6 24. Bf3 Ra7 25. h4 h5 26. Rb1 Bc4 27. Bc5 Rc7
28. Bd6 Ra7 29. Bc5 Ra6 30. Rd1 Kg7 31. Rd7 Rae6 32. Bd4+ Kg8 33. Rb7 R6e7 34.
Rb6 Re6 35. Rb7 R6e7 36. Rb6 Re6 37. Rb7 1/2-1/2

[Event "World Blitz 2025"]
[Site "Doha QAT"]
[Date "2025.12.30"]
[Round "14.42"]
[White "Yakubboev, Nodirbek"]
[Black "Pranav, Anand"]
[Result "1/2-1/2"]
[WhiteTitle "GM"]
[BlackTitle "GM"]
[WhiteElo "2691"]
[BlackElo "2591"]
[WhiteFideId "14203987"]
[BlackFideId "46626786"]
[EventDate "2025.12.29"]

1. Nf3 Nf6 2. g3 b5 3. Bg2 Bb7 4. Na3 a6 5. c4 b4 6. Nc2 e6 7. O-O Be7 8. b3 O-O
9. Bb2 a5 10. d4 a4 11. d5 a3 12. Bxf6 Bxf6 13. Nxb4 Bxa1 14. Qxa1 Na6 15. Nc2
exd5 16. Nfd4 Qf6 17. cxd5 Rfe8 18. Qc3 Qd6 19. Ne3 Qb4 20. Qa1 f6 21. Rc1 Nc5
22. Rc4 Qb6 23. Qc1 d6 24. b4 Nd7 25. Ne6 Ne5 26. Rxc7 g6 27. Nf5 Rxe6 28. Nh6+
Kh8 29. dxe6 Bxg2 30. Kxg2 Qxb4 31. f3 Qb2 32. Qxb2 axb2 33. Rb7 Nc4 34. Kf2 Re8
35. Nf7+ Kg8 36. Nh6+ Kh8 37. Nf7+ Kg8 38. Nh6+ Kh8 39. Nf7+ Kg8 40. Nh6+ Kh8
41. Nf7+ Kg8 42. Nh6+ Kh8 43. Nf7+ 1/2-1/2

[Event "World Blitz 2025"]
[Site "Doha QAT"]
[Date "2025.12.30"]
[Round "14.43"]
[White "Klukin, Kirill"]
[Black "Sanal, Vahap"]
[Result "0-1"]
[WhiteTitle "IM"]
[BlackTitle "GM"]
[WhiteElo "2414"]
[BlackElo "2546"]
[WhiteFideId "24199273"]
[BlackFideId "6300545"]
[EventDate "2025.12.29"]

1. d4 Nf6 2. Nf3 e6 3. e3 b6 4. Bd3 Bb7 5. O-O c5 6. c4 cxd4 7. exd4 d5 8. cxd5
Qxd5 9. Nc3 Qh5 10. Ne5 Qxd1 11. Rxd1 a6 12. Bg5 Be7 13. Rac1 Nbd7 14. Na4 b5
15. Nxd7 Nxd7 16. Bxe7 Kxe7 17. Rc7 bxa4 18. Rxb7 Rhb8 19. Rxb8 Rxb8 20. Rd2 a5
21. Kf1 Rb4 22. Be2 a3 23. bxa3 Rb1+ 24. Bd1 Nb6 25. Ke2 Nd5 26. Bb3 Kd6 27. Rc2
h5 28. Bxd5 Kxd5 29. Rc5+ Kxd4 30. Rxa5 g6 31. h4 Rb2+ 32. Kf3 Rxa2 33. g3 e5
34. Ra4+ Kd3 35. Ra7 e4+ 36. Kg2 e3 37. Rd7+ Kc3 38. Rxf7 e2 39. Re7 Kd2 40.
Rd7+ Kc1 41. Re7 Kd1 42. Kf3 e1=Q 43. Rxe1+ Kxe1 44. Kf4 Kxf2 0-1

[Event "World Blitz 2025"]
[Site "Doha QAT"]
[Date "2025.12.30"]
[Round "14.44"]
[White "Puranik, Abhimanyu"]
[Black "Svane, Rasmus"]
[Result "0-1"]
[WhiteTitle "GM"]
[BlackTitle "GM"]
[WhiteElo "2622"]
[BlackElo "2608"]
[WhiteFideId "5061245"]
[BlackFideId "4657101"]
[EventDate "2025.12.29"]

1. e4 e5 2. Nf3 Nc6 3. Bb5 Nf6 4. d3 Bc5 5. Bxc6 dxc6 6. Nbd2 Nd7 7. c3 O-O 8.
d4 Bd6 9. O-O Qe7 10. Re1 b6 11. Nf1 Re8 12. Ng3 Nf8 13. dxe5 Bxe5 14. Nxe5 Qxe5
15. f4 Qe7 16. e5 f5 17. Be3 Be6 18. Qc2 Qf7 19. a4 a5 20. b4 h6 21. h3 Red8 22.
Kh2 Rd7 23. Ne2 Bd5 24. Nd4 Be4 25. Qf2 Ne6 26. Red1 Nxd4 27. Rxd4 Rxd4 28. Bxd4
Qc4 29. e6 Qxe6 30. Qg3 Qf7 31. Re1 Kh7 32. Be5 axb4 33. cxb4 Rxa4 34. Qf2 Rxb4
35. Re3 Rb3 36. Re2 Qg6 37. Rd2 Rd3 38. Rxd3 Bxd3 39. Bxc7 b5 40. Be5 Be4 41.
Qd2 c5 42. g3 0-1

[Event "World Blitz 2025"]
[Site "Doha QAT"]
[Date "2025.12.30"]
[Round "14.45"]
[White "Lobanov, Sergei"]
[Black "Ivanchuk, Vasyl"]
[Result "1/2-1/2"]
[WhiteTitle "GM"]
[BlackTitle "GM"]
[WhiteElo "2527"]
[BlackElo "2607"]
[WhiteFideId "24183750"]
[BlackFideId "14100010"]
[EventDate "2025.12.29"]

1. d4 Nf6 2. c4 e6 3. Nc3 Bb4 4. e3 O-O 5. Bd3 d5 6. a3 Bxc3+ 7. bxc3 dxc4 8.
Bxc4 c5 9. Ne2 Nc6 10. Ng3 Qa5 11. Bd2 Qc7 12. Ba2 b6 13. O-O Ba6 14. Re1 Rfd8
15. Qf3 Na5 16. Rad1 Bc4 17. Bxc4 Nxc4 18. Bc1 e5 19. d5 Ne8 20. e4 Ned6 21. h4
f6 22. h5 Qf7 23. a4 Rd7 24. Be3 Rf8 25. Ra1 f5 26. exf5 Nxf5 27. Nxf5 Qxf5 28.
Qxf5 Rxf5 29. g4 Rf6 30. Red1 Rfd6 31. a5 Nxa5 32. Rxa5 bxa5 33. c4 Rc7 34. f4
e4 35. Ra1 Rb6 36. Rxa5 Rb4 37. d6 Rd7 38. Rxc5 Rxd6 39. Rc8+ Kf7 40. Bc5 Rd1+
41. Kf2 Rxc4 42. f5 Rxc5 43. Rxc5 Rd7 44. Ke3 Kf6 45. Kf4 h6 46. Rc6+ Kf7 47.
Kxe4 a5 48. Ra6 Re7+ 49. Kf4 Rb7 50. Rxa5 Rb4+ 51. Kf3 Rb3+ 52. Kf4 Rb4+ 53. Kg3
Rb3+ 54. Kh4 Rf3 55. Ra7+ Kg8 56. Ra6 Kf7 57. Re6 Kf8 58. Ra6 Kf7 59. Rb6 1/2-1/2

[Event "World Blitz 2025"]
[Site "Doha QAT"]
[Date "2025.12.30"]
[Round "14.46"]
[White "Aravindh, Chithambaram VR."]
[Black "Gholami Orimi, Mahdi"]
[Result "1/2-1/2"]
[WhiteTitle "GM"]
[BlackTitle "GM"]
[WhiteElo "2703"]
[BlackElo "2515"]
[WhiteFideId "5072786"]
[BlackFideId "12558486"]
[EventDate "2025.12.29"]

1. c4 e6 2. Nf3 d5 3. g3 dxc4 4. Bg2 Nf6 5. O-O a6 6. Qc2 b5 7. Ne5 c6 8. b3 Qc7
9. Bb2 Bd6 10. f4 cxb3 11. axb3 Bb7 12. d4 O-O 13. Nd2 Rc8 14. Ne4 Nxe4 15. Bxe4
f5 16. Bf3 c5 17. d5 Bxd5 18. Bxd5 exd5 19. Qxf5 Re8 20. Rad1 d4 21. e3 Nc6 22.
Nxc6 Qxc6 23. exd4 c4 24. d5 Qc7 25. bxc4 bxc4 26. Bc3 Re3 27. Bd4 Re2 28. Rfe1
Rae8 29. Kf1 Rxe1+ 30. Rxe1 Rxe1+ 31. Kxe1 Qe7+ 32. Kd1 Qe8 33. Qe6+ Qxe6 34.
dxe6 g6 35. Kc2 Kf8 36. Bf6 Be7 37. Be5 Bc5 38. g4 Ke7 39. f5 gxf5 40. gxf5 Bb4
41. Bc3 a5 42. h3 Kd6 43. Bg7 Ke7 44. Bc3 Kd6 45. Bg7 Ke7 46. Bc3 1/2-1/2

[Event "World Blitz 2025"]
[Site "Doha QAT"]
[Date "2025.12.30"]
[Round "14.47"]
[White "Ansat, Aldiyar"]
[Black "Mamedov, Rauf"]
[Result "0-1"]
[WhiteTitle "IM"]
[BlackTitle "GM"]
[WhiteElo "2479"]
[BlackElo "2645"]
[WhiteFideId "13715658"]
[BlackFideId "13401653"]
[EventDate "2025.12.29"]

1. e4 c5 2. d4 cxd4 3. Qxd4 Nc6 4. Qd3 g6 5. Nc3 Bg7 6. Nf3 d6 7. Be2 Nf6 8. O-O
Nd7 9. Nd5 O-O 10. c3 b6 11. Bf4 Bb7 12. Rad1 Rc8 13. Rfe1 Nde5 14. Nxe5 Nxe5
15. Qc2 e6 16. Ne3 Qe7 17. Bg3 h5 18. h3 Rfd8 19. a4 Bh6 20. f4 Nd7 21. Bf3 Nc5
22. Nf1 Bc6 23. b3 Bg7 24. Kh1 Bb7 25. c4 a5 26. Re2 h4 27. Bh2 Qf6 28. Ne3 Qc3
29. Qxc3 Bxc3 30. Ng4 Bg7 31. f5 exf5 32. exf5 Bxf3 33. gxf3 gxf5 34. Ne3 Re8
35. Ree1 Nxb3 36. Nxf5 Rxe1+ 37. Rxe1 Bf8 38. Bxd6 Bxd6 39. Nxd6 Rc6 40. Re8+
Kg7 41. Nf5+ Kf6 42. Ne3 Nc5 43. Nd5+ Kg7 44. Nc3 Rd6 45. Rb8 Rd3 46. Nd5 Nxa4
47. Nxb6 Rb3 48. Nd7 Rxb8 49. Nxb8 Nc5 50. Nc6 a4 51. Nb4 a3 52. Kg2 Kf6 53. f4
Kf5 54. Kf3 Nd3 55. Na2 Nxf4 56. c5 Nxh3 57. c6 Ng5+ 58. Ke3 Ne6 59. Kf3 Kg5 60.
Nb4 f5 61. Kf2 Kf4 62. Nd3+ Kg4 63. Nc5 a2 64. Nb3 f4 0-1

[Event "World Blitz 2025"]
[Site "Doha QAT"]
[Date "2025.12.30"]
[Round "14.48"]
[White "Santos Latasa, Jaime"]
[Black "Paravyan, David"]
[Result "0-1"]
[WhiteTitle "GM"]
[BlackTitle "GM"]
[WhiteElo "2616"]
[BlackElo "2582"]
[WhiteFideId "2293307"]
[BlackFideId "4194985"]
[EventDate "2025.12.29"]

1. c4 e6 2. Nf3 d5 3. g3 Nf6 4. Bg2 Be7 5. O-O O-O 6. b3 c5 7. cxd5 exd5 8. d4
Nc6 9. Bb2 Ne4 10. dxc5 Bxc5 11. Nc3 Nxc3 12. Bxc3 d4 13. Bb2 Bf5 14. Rc1 Bb6
15. Rc4 Be6 16. Ra4 Bd5 17. Ne1 Bc5 18. Bxd5 Qxd5 19. Rc4 Ne5 20. Rc2 Rac8 21.
Nd3 Bb6 22. Rxc8 Rxc8 23. Nxe5 Qxe5 24. Qd3 Re8 25. e3 Qe4 26. Qxe4 Rxe4 27. Rc1
f6 28. Bxd4 Bxd4 29. Rc4 Kf7 30. Kg2 Ke6 31. exd4 Kd6 32. Kf3 f5 33. h4 g6 34.
a4 b6 35. b4 Re7 36. b5 Kd5 37. Rc6 Kxd4 38. Kf4 Kd3 39. Kg5 Ke2 40. Rc2+ Kf3
41. Kh6 f4 42. Rc3+ Kxf2 43. gxf4 Rf7 44. Kg5 Rf5+ 45. Kh6 Rh5+ 46. Kg7 Rxh4 47.
Rc7 Rxf4 48. Rxa7 g5 49. Kxh7 g4 50. Ra6 Rf6 51. a5 g3 52. Rxb6 Rf7+ 53. Kg8 g2
54. Rg6 Rf5 55. b6 Rxa5 56. Kf7 Rb5 57. Ke7 g1=Q 0-1

[Event "World Blitz 2025"]
[Site "Doha QAT"]
[Date "2025.12.30"]
[Round "14.49"]
[White "Wojtaszek, Radoslaw"]
[Black "Kosakowski, Jakub"]
[Result "1/2-1/2"]
[WhiteTitle "GM"]
[BlackTitle "GM"]
[WhiteElo "2667"]
[BlackElo "2549"]
[WhiteFideId "1118358"]
[BlackFideId "1185080"]
[EventDate "2025.12.29"]

1. d4 f5 2. c4 Nf6 3. Nf3 g6 4. b4 Bg7 5. Bb2 O-O 6. g3 d6 7. Bg2 Ne4 8. O-O Qe8
9. Nc3 c6 10. Qb3 Nxc3 11. Bxc3 Nd7 12. d5 e5 13. dxe6 Qxe6 14. Bxg7 Kxg7 15. b5
Nc5 16. Qc3+ Qf6 17. Qxf6+ Kxf6 18. bxc6 bxc6 19. Nd4 Bd7 20. Nxc6 Ne4 21. Nb4
Be6 22. Rac1 Rfc8 23. Rfd1 Rab8 24. Nd5+ Kf7 25. Ne3 Rb2 26. Bxe4 fxe4 27. Rxd6
Rxa2 28. Rb1 Rc7 29. Nd5 1/2-1/2

[Event "World Blitz 2025"]
[Site "Doha QAT"]
[Date "2025.12.30"]
[Round "14.50"]
[White "Sargsyan, Shant"]
[Black "Materia, Marco"]
[Result "1-0"]
[WhiteTitle "GM"]
[BlackTitle "IM"]
[WhiteElo "2665"]
[BlackElo "2497"]
[WhiteFideId "13306766"]
[BlackFideId "45150451"]
[EventDate "2025.12.29"]

1. e4 c5 2. Nf3 d6 3. Bc4 Nf6 4. d3 a6 5. c3 b5 6. Bb3 e6 7. O-O Be7 8. Re1 O-O
9. Nbd2 Bb7 10. Bc2 Nbd7 11. Nf1 Re8 12. Ng3 Qc7 13. h3 Rac8 14. Bf4 Bf8 15. Qd2
e5 16. Bg5 h6 17. Bxf6 Nxf6 18. a4 g6 19. axb5 axb5 20. Nh2 d5 21. Qe2 h5 22.
Nf3 Bh6 23. Bb3 Kg7 24. Ra7 Ra8 25. Rxa8 Bxa8 26. Ra1 Bc6 27. h4 Qb7 28. Ng5 c4
29. Bc2 cxd3 30. Bxd3 Bxg5 31. hxg5 Nxe4 32. Bxe4 dxe4 33. Qe3 Ra8 34. Rxa8 Qxa8
35. Qc5 Qe8 36. Qd6 Bb7 37. Nf1 Qe6 38. Qxe6 fxe6 39. Ne3 Kf7 40. g3 Ke7 41. Kf1
Kd6 42. Ke2 Bc6 43. Kd2 Kc5 44. b3 Bd5 45. Kc2 b4 46. Kb2 bxc3+ 47. Kxc3 Kb5 48.
Ng2 Bc6 49. Nh4 Be8 50. b4 Bf7 51. Ng2 Be8 52. Ne3 Bc6 53. Nc4 e3 54. fxe3 e4
55. Ne5 Be8 56. Kb3 Kb6 57. Kc4 Bb5+ 58. Kd4 Be8 59. Nc4+ Kc6 60. b5+ Kc7 61.
Kc5 e5 62. b6+ Kb8 63. Nxe5 Kb7 64. Nc4 Bd7 65. Nd6+ Kb8 66. Nxe4 1-0

[Event "World Blitz 2025"]
[Site "Doha QAT"]
[Date "2025.12.30"]
[Round "14.51"]
[White "Ibarra Jerez, Jose Carlos"]
[Black "Oro, Faustino"]
[Result "0-1"]
[WhiteTitle "GM"]
[BlackTitle "IM"]
[WhiteElo "2532"]
[BlackElo "2503"]
[WhiteFideId "2226332"]
[BlackFideId "20000197"]
[EventDate "2025.12.29"]

1. e4 c6 2. Ne2 d5 3. e5 c5 4. c3 Nc6 5. d4 Bf5 6. dxc5 Nxe5 7. Nd4 Bd7 8. b4
Nf6 9. Be2 Ng6 10. f4 e6 11. O-O Be7 12. Be3 O-O 13. Nd2 Re8 14. N2b3 e5 15.
fxe5 Nxe5 16. Bf4 Ng6 17. Bg3 Ne4 18. Be1 Bg5 19. Qd3 Ne5 20. Qc2 Nc4 21. Bxc4
dxc4 22. Nd2 Nf6 23. N2f3 Be3+ 24. Kh1 Ne4 25. Bh4 Qc7 26. Rae1 Bxd4 27. Nxd4
Qe5 28. Rf3 Qd5 29. Ref1 f6 30. Rd1 Qh5 31. Be1 Bg4 32. Qe2 Ng5 33. Qxc4+ Kh8
34. Qd3 Rad8 35. Bf2 Bxf3 36. gxf3 Nxf3 37. Bg3 Ne5 38. Qf1 Ng4 39. Qg1 Qd5+ 40.
Qg2 Qxg2+ 41. Kxg2 Ne3+ 0-1